• 首页
  • 本馆介绍
  • 公告通知
  • 最新文献
  • 馆藏检索
  • 电子资源
  • 读者导购
  • 参考咨询
  • 我的图书馆
  • 登录
  • 详细信息显示
  • 放入我的书架
  • 预约/预借图书
  • 作者相关作品
  • 分类相关作品
  • 丛书相关作品
  • 出版社相关作品

书目信息

  • 表格格式
  • 工作单格式
  • 卡片格式
题名:
秦汉历史专题探研
    
 
作者: 郝建平, 主编
分册:  
出版信息: 长春   吉林大学出版社  2021.10
页数: 350页
开本: 24cm
丛书名:
单 册:
中图分类: K232.07
科图分类:
主题词: 中国历史--研究--秦汉时代
电子资源:
ISBN: 978-7-5692-9005-9
000 01266nam0 2200253 450
001 2370873003
005 20231212194137.40
010    @a978-7-5692-9005-9@d78.00CNY
100    @a20220329d2021 em y0chiy50 ea
101 0  @achi
102    @aCN@b220000
105    @aabk a 000yy
200 1  @a秦汉历史专题探研@Aqin han li shi zhuan ti tan yan@f郝建平主编
210    @a长春@c吉林大学出版社@d2021.10
215    @a350页@c图, 地图@d24cm
300    @a本书为内蒙古自治区重点培育学科、包头师范学院一流学科建设项目成果
314    @a郝建平, 1966年生, 历史学博士, 包头师范学院历史文化学院教授、硕士生导师, 内蒙古有突出贡献专家, 内蒙古高等学校教学名师。
320    @a有书目
330    @a本书是中国古代史专业秦汉史方向的阶段性成果汇编。共包括八个方面的内容, 分别是汉代的启蒙教育、汉代女性教育、汉代地方官学的发展、王充的教育思想、从婚姻看汉代女性的社会地位、西汉中后期的奢侈风气、汉代的鹿车、春秋至西汉时期雍城地位的变迁, 从教育和社会生活的诸多方面, 对秦汉时期的历史进行了较为深入的论述, 在一定程度上丰富了这些研究领域的内容, 有助于学界从这些微观的层面对秦汉时期的历史能有一个更加深入的认识。
606 0  @a中国历史@x研究@z秦汉时代
690    @aK232.07@v5
701  0 @a郝建平,@Ahao jian ping@f1966-@4主编
801  0 @aCN@b湖北三新@c20220329
905    @aBZT@dK232.07@e3
    
    秦汉历史专题探研/郝建平主编.-长春:吉林大学出版社,2021.10
    350页:图, 地图;24cm
    本书为内蒙古自治区重点培育学科、包头师范学院一流学科建设项目成果
    
    ISBN 978-7-5692-9005-9:78.00CNY
    本书是中国古代史专业秦汉史方向的阶段性成果汇编。共包括八个方面的内容, 分别是汉代的启蒙教育、汉代女性教育、汉代地方官学的发展、王充的教育思想、从婚姻看汉代女性的社会地位、西汉中后期的奢侈风气、汉代的鹿车、春秋至西汉时期雍城地位的变迁, 从教育和社会生活的诸多方面, 对秦汉时期的历史进行了较为深入的论述, 在一定程度上丰富了这些研究领域的内容, 有助于学界从这些微观的层面对秦汉时期的历史能有一个更加深入的认识。
●
相关链接 在五车中查询图书 在当当中查询图书 在豆瓣中查询图书


正题名:秦汉历史专题探研     索取号:K232.07/3         预约/预借

序号 登录号 条形码 馆藏地/架位号 状态 备注
1 2001598526   2001598526   辽三/辽宁北配(第三批)/2140/ [索取号:K232.07/3] 在馆    
2 2001598527   2001598527   辽三/辽宁北配(第三批)/2140/ [索取号:K232.07/3] 在馆    
3 2001598528   2001598528   辽三/辽宁北配(第三批)/2140/ [索取号:K232.07/3] 在馆    
4 2001598529   2001598529   辽三/辽宁北配(第三批)/2140/ [索取号:K232.07/3] 在馆    
5 2001598530   2001598530   辽三/辽宁北配(第三批)/2140/ [索取号:K232.07/3] 在馆    
6 2001598531   2001598531   辽三/辽宁北配(第三批)/2140/ [索取号:K232.07/3] 在馆    
7 2001598532   2001598532   辽三/辽宁北配(第三批)/2140/ [索取号:K232.07/3] 在馆    
山东省滨州职业学院图书馆 欢迎您!
大连网信软件有限公司© 版权所有